000 01208cac a22002771u 4500
090 _c6652
008 081116t2005 xxu||||| |||| 00| 0 eng d
010 _a2004100110
020 _a007288665X (alk. paper)
020 _a0072932368 (CD- ROM)
035 _a(DLC) 2004100110
082 _a150
_bFEL
100 _aFeldman, Robert S.
245 1 0 _aUnderstanding psychology /
_cRobert S. Feldman.
250 _a7th ed.
260 _aBoston :
_bMcGraw-Hill Higher Education,
_cc2005.
300 _axxxv, 637, [106] p. :
_bill. (chiefly col.), col. maps ;
_c29 cm.+
_e1 CD-ROM (4 3/4 in.)
500 _adistributer: Al-Ahram
504 _aIncludes bibliographical references (p. R-1-R-46) and indexes.
511 _acatalogued by: wessam
538 _aSystem requirements for accompanying CD-ROM: Windows; IBM PC; Pentium processor; Macintosh; Mac OS 9.2 or OS X with classic 9.
650 0 _aPsychology.
942 _cBB
_k150FEL
_2ddc
999 _c6652
_d6652